Countries Spelled Exactly Right (Flag Edition) - Statistics

General Stats
  • This quiz has been taken 28 times
  • The average score is 9 of 11
Answer Stats
Picture Answer % Correct
Bangladesh
93%
North Macedonia
93%
Liechtenstein
89%
Uruguay
89%
Papua New Guinea
85%
Philippines
85%
Mozambique
81%
Azerbaijan
78%
Kyrgyzstan
78%
Côte d'ivoire
74%
Djibouti
67%
No matching quizzes found
Score Distribution
Percent of People with Each Score
Percentile by Number Answered
Your Score History
You have not taken this quiz